000 00368nam a22001457a 4500
020 _a81-7671-046-6
082 _a600
_bPAL/E
100 _aPALMER TREVOR
245 _aENZYMES
_bBIOCHEMISTRY, BIOTECHNOLOGY, CLINICAL CHEMISTRY
250 _aFIRST EDITION
260 _aDELHI
_bEAST WEST PRESS
_c2004
300 _a402
650 _aBIOLOGY REFERENCE
_zINDIA
942 _cBK
999 _c1390
_d1390